Dans quelle Arène est-on ? (Pokémon) - Statistiques

Statistiques générales
  • Ce quiz a été pris 19 fois
  • Le résultat moyen est 42 sur 62
Statistiques - réponses
Par images Réponse % Correct
Arène d'Azuria
87%
Arène de Frimapic
87%
Arène d'Ebenelle
80%
Arène de Carmin-sur-Mer
80%
Arène de Céladopole
80%
Arène d'Ecorcia
80%
Arène de Cramois'Ile
80%
Arène de Doublonville
80%
Arène de Rivamar
80%
Arène de Rosalia
80%
Arène de Vestigion
80%
Arène de Volucité
80%
Arène d'Illumis
80%
Arène d'Acajou
73%
Arène de Charbourg
73%
Arène de Jadielle
73%
Arène de Lavandia
73%
Arène de Mauville
73%
Arène de Safrania
73%
Arène d'Irisia
73%
Arène d'Oliville
73%
Arène d'Unionpolis
73%
Arène d'Argenta
67%
Arène d'Atalanopolis
67%
Arène de Cimetronelle
67%
Arène de Clémenti-Ville
67%
Arène de Jadielle
67%
Arène de Janusia
67%
Arène de Joliberges
67%
Arène de Maillard
67%
Arène de Méanville
67%
Arène de Mérouville
67%
Arène de Motorby
67%
Arène de Myokara
67%
Arène de Papeloa
67%
Arène de Parmanie
67%
Arène de Port Yoneuve
67%
Arène de Romant-sous-Bois
67%
Arène de Smashings
67%
Arène de Verchamps
67%
Arène de Vermilava
67%
Arène de Voilaroc
67%
Arène de Yantreizh
67%
Arène d'Ogoesse
67%
Arène d'Ondes-sur-Mer
67%
Arène d'Algatia
60%
Arène de Corrifey
60%
Arène de Cramois'Ile
60%
Arène de Flocombe
60%
Arène de Flusselles
60%
Arène de Neuvartault
60%
Arène de Pavonnay
60%
Arène de Port Tempères
60%
Arène de Relifac-le-Haut
60%
Arène de Skifford
60%
Arène d'Auffrac les Congères
53%
Arène de Greenbury
53%
Arène de Ludester
53%
Arène d'Old Chister
53%
Arène d'Old Chister
53%
Arène de Ludester
47%
Arène de Parsemille
47%
Aucun quiz correspondant
Distribution des résultats
% des personnes avec chaque résultat
Percentile par nombre de réponses
Votre historique - résultats
Vous n’avez pas pris ce quiz